City Hunter 2024 / directed by Yûichi Satô ; produced by Kôsuke Oshida, Keisuke Sanpei ; written by Tsukasa Hôjô, Tatsuro Mishima. (Record no. 20745)

000 -LEADER
fixed length control field 01507nam a22002417a 4500
008 - FIXED-LENGTH DATA ELEMENTS--GENERAL INFORMATION
fixed length control field 250526b xxu||||| |||| 00| 0 eng d
040 ## - CATALOGING SOURCE
Original cataloging agency Cagayan State University
Description conventions RDA
082 ## - DEWEY DECIMAL CLASSIFICATION NUMBER
Classification number 791.4372
Item number C4985 2024
245 ## - TITLE STATEMENT
Title City Hunter 2024 / directed by Yûichi Satô ; produced by Kôsuke Oshida, Keisuke Sanpei ; written by Tsukasa Hôjô, Tatsuro Mishima.
260 ## - PUBLICATION, DISTRIBUTION, ETC. (IMPRINT)
Place of publication, distribution, etc Japan :
Name of publisher, distributor, etc Netflix,
Date of publication, distribution, etc 2024.
300 ## - PHYSICAL DESCRIPTION
Extent 1 videofile, (ca. 102 mins.) :
Other physical details sound, color.
520 ## - SUMMARY, ETC.
Summary, etc Follows Ryo Saeba, a "sweeper" who navigates the shadowy depths of modern-day Shinjuku, Tokyo. Balancing a cool demeanor with a fun personality, Ryo takes on high-stakes challenges in the underworld. After receiving the message "XYZ, please find my sister," Ryo and his partner Hideyuki go on to search for Kurumi, a famous cosplayer. Meanwhile, mysterious violent incidents are taking place in Shinjuku, and Saeko, a skilled police detective is having a tough time solving these cases. Ryo and Hideyuki work in tandem to pursue Kurumi, but tragedy strikes when Hideyuki is killed during the investigation. Witnessing her brother's death, Kaori implores Ryo to uncover the truth behind the incident.
546 ## - LANGUAGE NOTE
Language note In English subtitle.
650 ## - SUBJECT ADDED ENTRY--TOPICAL TERM
Topical term or geographic name as entry element Action.
650 ## - SUBJECT ADDED ENTRY--TOPICAL TERM
Topical term or geographic name as entry element Crime.
650 ## - SUBJECT ADDED ENTRY--TOPICAL TERM
Topical term or geographic name as entry element Mystery.
700 ## - ADDED ENTRY--PERSONAL NAME
Personal name Morita, Misato, star.
700 ## - ADDED ENTRY--PERSONAL NAME
Personal name Andô, Masanobu, star.
700 ## - ADDED ENTRY--PERSONAL NAME
Personal name Suzuki, Ryohei, star.
700 ## - ADDED ENTRY--PERSONAL NAME
Personal name Kiyoku, Motonobu, cinematographer.
700 ## - ADDED ENTRY--PERSONAL NAME
Personal name Taguchi, Takuya, editor.
942 ## - ADDED ENTRY ELEMENTS (KOHA)
Source of classification or shelving scheme
Item type Audio-Visual Materials
Holdings
Source of acquisition Price effective from Permanent location Date last seen Not for loan Date acquired Source of classification or shelving scheme Koha item type Collection code Shelving location Damaged status Lost status Withdrawn status Current location Full call number
Donation2025-05-27Cagayan State University - Carig Library2025-05-27 2025-05-27 Audio-Visual MaterialsElectronic Media CenterElectronic Media Center   Cagayan State University - Carig Library791.4372 C4985 2024

Cagayan State University University Library, Carig Campus
Tuguegarao City, Cagayan 3500 | www.csucarig.edu.ph

Powered by Koha